000 00657nam a22002057a 4500
005 20260101144254.0
010 _aENG-147377
020 _a9789364448796
_c975.00
035 _aEN-130909
037 _bDBAD
082 _a709.954
_21
100 _aSinghania, Nitin
_986176
245 _aIndian Art and Culture/
_cNitin Singhania
250 _a6
260 _aChennai
_bMcGraw Hill Education Private Limited
_c2025
270 _bChennai
_aAnjana Complex No. 5/90 A, Butt Road, St Thomas Mount
_e600016
300 _a542p.
_c24cm(pb)
500 _aFor Civil Services and other Competitive Examinations
942 _2ddc
_cEN
_h709.954
_mSIN
999 _c213985
_d213985